000 00663nam2a2200205 4500
001 RU\NLR\BIBL_A\012122719
005 20250623212142.0
035 _a(NLR Aleph) 012122719
090 _a12002148
_c12002148
100 _a20191017d2018 |||y0rusy50 ca
101 0 _arus
102 _aRU
200 0 _a2018, № 1 (18)
210 _d2018
_aБ. м.
461 0 _1001RU\NLR\Per\615123
_12001#$aЛитературный MIX$v2018, № 1 (18)
_93144145
_cСанкт-Петербург
_d2008 -
_nНордмедиздат
_tЛитературный MIX
_y26584638
_v2018, № 1 (18)
852 _aNLR
_jП35/910
942 _cISSUE
980 _aNB
980 _aRUSPER